අතීතය සෙවීම සඳහා කැණීම් පුරාවිද්යාත්මක රචනා (Record no. 240329)
[ view plain ]
| 000 -LEADER | |
|---|---|
| fixed length control field | 00600nam a22001697a 4500 |
| 003 - CONTROL NUMBER IDENTIFIER | |
| control field | LK-CoDNM |
| 005 - DATE AND TIME OF LATEST TRANSACTION | |
| control field | 20251108125351.0 |
| 008 - FIXED-LENGTH DATA ELEMENTS--GENERAL INFORMATION | |
| fixed length control field | 251108b |||||||| |||| 00| 0 eng d |
| 020 ## - INTERNATIONAL STANDARD BOOK NUMBER | |
| International Standard Book Number | 978955173513 |
| 040 ## - CATALOGING SOURCE | |
| Original cataloging agency | LK-CoDNM |
| Modifying agency | LK-CoDNM |
| Description conventions | LK-CoDNM |
| 080 ## - UNIVERSAL DECIMAL CLASSIFICATION NUMBER | |
| Universal Decimal Classification number | 902 |
| Item number | DSIL |
| 942 ## - ADDED ENTRY ELEMENTS (KOHA) | |
| Koha item type | Books |
| 100 ## - MAIN ENTRY--PERSONAL NAME | |
| Personal name | ද දිල්වා,රාජා |
| Personal name (Transliterated) | කිංස්ලි කුරුකුලසූරිය |
| 245 ## - TITLE STATEMENT | |
| Title | අතීතය සෙවීම සඳහා කැණීම් පුරාවිද්යාත්මක රචනා |
| 260 ## - PUBLICATION, DISTRIBUTION, ETC. (IMPRINT) | |
| Place of publication, distribution, etc. | nugegoda |
| Name of publisher, distributor, etc. | sarasawi |
| Date of publication, distribution, etc. | 2013 |
| 300 ## - PHYSICAL DESCRIPTION | |
| Extent | 154p,29.5cm |
| Withdrawn status | Lost status | Damaged status | Not for loan | Collection code | Permanent Location | Current Location | Shelving location | Date acquired | Full call number | Barcode | Koha item type |
|---|---|---|---|---|---|---|---|---|---|---|---|
| Monographs | Library National Museum Colombo - Sri Lanka | Library National Museum Colombo - Sri Lanka | Reference | 2025-11-08 | 902 DSIL | 173890 | Books |


